Federal tax treatment of state and local securities / (Registro nro. 7602)
[ vista simple ]
| 000 -LEADER | |
|---|---|
| fixed length control field | 01308nam a2200253Ia 4500 |
| 003 - CONTROL NUMBER IDENTIFIER | |
| control field | OSt |
| 005 - DATE AND TIME OF LATEST TRANSACTION | |
| control field | 20210419115017.0 |
| 008 - FIXED-LENGTH DATA ELEMENTS--GENERAL INFORMATION | |
| fixed length control field | 210310s1963 eu gr 100 0 eng d |
| 040 ## - CATALOGING SOURCE | |
| Original cataloging agency | CO-JMCR |
| Transcribing agency | CO-JMCR |
| 041 0# - LANGUAGE CODE | |
| Language code of text/sound track or separate title | eng |
| 082 04 - DEWEY DECIMAL CLASSIFICATION NUMBER | |
| Classification number | 336.200973 / |
| Item number | C748f |
| Edition number | 23 |
| 111 ## - MAIN ENTRY--MEETING NAME | |
| Meeting name or jurisdiction name as entry element | Conference Program of the National Committe |
| Date of meeting or treaty signing | (1962 : |
| Location of meeting | Washington) |
| 9 (RLIN) | 36964 |
| 245 10 - TITLE STATEMENT | |
| Title | Federal tax treatment of state and local securities / |
| Statement of responsibility, etc. | Conference Program of the National Committe ; David J. Ott, Allan H. Meltzer |
| 260 ## - PUBLICATION, DISTRIBUTION, ETC. | |
| Place of publication, distribution, etc. | Washington : |
| Name of publisher, distributor, etc. | The Brookings Institution, |
| Date of publication, distribution, etc. | 1963 |
| 300 ## - PHYSICAL DESCRIPTION | |
| Other physical details | xiv, 146 páginas ; |
| Dimensions | 23 cm. |
| 490 0# - SERIES STATEMENT | |
| Series statement | Studies of Government Finance |
| 500 ## - GENERAL NOTE | |
| General note | Incluye notas a pie de página. |
| 505 0# - FORMATTED CONTENTS NOTE | |
| Formatted contents note | Introduction and summary -- The Issues -- Yield Differential on taxable and tax-exempt securities -- New estimates of interest saving -- Revenue implication -- Outstanding state and local debt -- State distribution of tax exempition benefits and alternative subsidies -- Summary of discussion at the experts conference |
| 650 15 - SUBJECT ADDED ENTRY--TOPICAL TERM | |
| Topical term or geographic name entry element | Impuestos |
| 9 (RLIN) | 14910 |
| General subdivision | Congresos, conferencias, etc. |
| Geographic subdivision | Estados Unidos |
| 650 25 - SUBJECT ADDED ENTRY--TOPICAL TERM | |
| Topical term or geographic name entry element | Política fiscal |
| General subdivision | Congresos, conferencias, etc. |
| Geographic subdivision | Estados Unidos |
| 9 (RLIN) | 36965 |
| 700 1# - ADDED ENTRY--PERSONAL NAME | |
| Personal name | Ott, David J., |
| Relator term | autor |
| 9 (RLIN) | 36966 |
| 700 1# - ADDED ENTRY--PERSONAL NAME | |
| Personal name | Meltzer, Allan H., |
| Relator term | autor |
| 9 (RLIN) | 36967 |
| 942 ## - ADDED ENTRY ELEMENTS (KOHA) | |
| Source of classification or shelving scheme | Dewey Decimal Classification |
| Koha item type | Books |
| Withdrawn status | Lost status | Source of classification or shelving scheme | Damaged status | Not for loan | Collection code | Home library | Current library | Date acquired | Source of acquisition | Full call number | Barcode | Date last seen | Copy number | Koha item type |
|---|---|---|---|---|---|---|---|---|---|---|---|---|---|---|
| Dewey Decimal Classification | Non-fiction | Biblioteca Pública José María del Castillo y Rada | Biblioteca Pública José María del Castillo y Rada | 04/15/2018 | Donación | 336.200973 / C748f | 430004595 | 05/16/2024 | Ej.1 | Books |